Представление документа в формате RUSMARC

Поле Инд. ПП Название Значение
Тип записи a
Библиографический уровень s
001 Контрольный номер 1117425242574f72a235213becb497ea
005 Дата корректировки 20250219155600.2
011 a ISSN 1812-383Х
102 a Страна публикации RU
200 1_ e Сведения, относящиеся к заглавию научный журнал
a Заглавие Арбитражный и гражданский процесс
b Общее обозначение материала Текст
203 a Вид содержания Текст : непосредственный
210 1_ c Издательство Юрист
a Место издания Москва
d Дата издания 2019
300 a Общие примечания Хранение 5 лет
318 a Действие (Дата размещения 18.01.2019)
326 a Примечания о периодичности (серийного издания) Ежемес.
330 a Аннотация Научно-практический и информационный журнал. Исследования особенности производства в судах и по различным категориям дел
610 0_ a Ключевые слова Периодика 2019
801 _0 a Страна RU
b Организация РГУП
g Правила каталогизации PSBO
801 _1 a Страна RU
b Организация РГУП
g Правила каталогизации PSBO
901 t Тип документа u
905 a Дата ввода 20190118
953 a Вид документа Журнал печатный